000 00861nam a2200277Ia 4500
003 OSt
005 20220918171450.0
006 a|||||r|||| 00| 0
007 ta
008 220917b |||||||| |||| 00| 0 eng d
020 _a9781841696416 (pbk)
_c1870.75
024 _a239,209
037 _b03268, 21/11/2008, Atlantic Publisher & Dist.Pvt.Ltd.
_cTextual
040 _aARTS
_cARTS
_beng
041 _2eng
_aeng
082 _aS:43, N6;P8
100 _aCohen Gillian Ed.
_936795
245 0 _aMemory in the real world
250 _a3rd
260 _aHove
_bPsychology Press
_c2008
300 _axv,405p.
_ccm.
650 _aPSYCHOLOGY
700 _a Conway Martin Ed.
_936796
942 _hS:43, N6;P8
_cTEXL
_2CC
999 _c139702
_d139702